| 000 | 05283cam a22014174i 4500 | ||
|---|---|---|---|
| 003 | PE-LiUPU | ||
| 005 | 20250813185514.0 | ||
| 008 | 150625s2003 dcua rb 000 0 spa d | ||
| 020 | _a9275324689 | ||
| 020 | _a9775324689 | ||
| 035 | _a(Sirsi) i9789275324684 | ||
| 040 |
_aPE-LiUPU _bspa _cPE-LiUPU _erda |
||
| 049 | _aPRUA | ||
| 082 | 0 | 4 |
_a306.8 _bS24 _221 |
| 082 | 0 | 4 |
_a616.8915 _bS27 2003 |
| 100 | 1 |
_aSauceda García, Juan Manuel, _eautor. |
|
| 245 | 1 | 3 |
_aLa familia: su dinámica y tratamiento / _cJuan Manuel Sauceda García y J. Martín Maldonado Durán. |
| 264 | 1 |
_aWashington : _bOrganización Panamericana de la Salud, _c2003. |
|
| 300 |
_a294 páginas : _bilustraciones ; _c26 centímetros |
||
| 336 |
_atext _2rdacontent |
||
| 337 |
_aunmediated _2rdamedia |
||
| 338 |
_avolume _2rdacarrier |
||
| 504 | _aIncluye bibliografía al final de cada capítulo. | ||
| 505 | 0 | _aBases teóricas y técnicas de la terapia familiar -- Influencias familiares en el desarrollo del individuo -- La familia ante las enfermedades crónicas -- Disfunciones estructurales y sociales de la familia. | |
| 526 | _aP202 | ||
| 526 | _aP201 | ||
| 526 | _aP163 | ||
| 526 | _aP162 | ||
| 526 | _aP161 | ||
| 526 | _aP160 | ||
| 526 | _aP148 | ||
| 526 | _aP147 | ||
| 526 | _aP146 | ||
| 526 | _aP145 | ||
| 526 | _aP144 | ||
| 526 | _aP143 | ||
| 526 | _aP142 | ||
| 526 | _aP141 | ||
| 526 | _aP140 | ||
| 526 | _aP139 | ||
| 526 | _aP138 | ||
| 526 | _aP137 | ||
| 526 | _aP136 | ||
| 526 | _aP135 | ||
| 526 | _aP134 | ||
| 526 | _aP133 | ||
| 526 | _aP129 | ||
| 526 | _aP128 | ||
| 526 | _aP127 | ||
| 526 | _aP120 | ||
| 526 | _aP119 | ||
| 526 | _aP118 | ||
| 526 | _aP116 | ||
| 526 | _aP115 | ||
| 526 | _aP114 | ||
| 526 | _aP110 | ||
| 526 | _aP109 | ||
| 526 | _aP108 | ||
| 526 | _aP104 | ||
| 526 | _aP103 | ||
| 526 | _aP102 | ||
| 526 | _aP99 | ||
| 526 | _aP98 | ||
| 526 | _aP97 | ||
| 526 | _aP96 | ||
| 526 | _aP95 | ||
| 526 | _aP93 | ||
| 526 | _aP90 | ||
| 526 | _aP89 | ||
| 526 | _aP88 | ||
| 526 | _aP83 | ||
| 526 | _aP82 | ||
| 526 | _aP62 | ||
| 526 | _aP59 | ||
| 526 | _aP58 | ||
| 526 | _aP57 | ||
| 526 | _aP51 | ||
| 526 | _aP49 | ||
| 526 | _aP48 | ||
| 526 | _aP47 | ||
| 526 | _aP29 | ||
| 526 | _aP24 | ||
| 526 | _aP20 | ||
| 526 | _aP19 | ||
| 526 | _aP17 | ||
| 526 | _aP15 | ||
| 526 | _aP14 | ||
| 526 | _aP12 | ||
| 526 | _aP10 | ||
| 526 | _aP09 | ||
| 526 | _aP08 | ||
| 526 | _aP07 | ||
| 526 | _aP06 | ||
| 526 | _aP05 | ||
| 526 | _aP04 | ||
| 526 | _aP01 | ||
| 541 | _g002-000032; | ||
| 541 | _g07700853; | ||
| 541 | _g001-0002453; | ||
| 541 | _g001-0002453; | ||
| 541 | _g001-0002453; | ||
| 650 | 0 | 4 |
_aFamilia _xRelaciones interpersonales. |
| 700 | 1 |
_aMaldonado Durán, Martín J., _eauttor. |
|
| 910 |
_baj _ceq _d20051017 |
||
| 942 |
_2ddc _cBOOK |
||
| 949 |
_a306.8 S24 _wDEWEY _c1 _i55863 _d2015-8-24 _e2015-8-23 _lCCODEBUL1 _mBUL _n4 _p11.00 _r0 _sY _tBOOK _u2015-6-25 _xTEOLOGIA _zUNKNOWN _0COMPRA _o.STAFF. Colección General |
||
| 949 |
_a306.8 S24 _wDEWEY _c2 _i60865 _d2015-8-13 _e2015-8-12 _lCCODEBUL1 _mBUL _n1 _p12.00 _r0 _sY _tBOOK _u2015-6-25 _xTEOLOGIA _zUNKNOWN _0COMPRA _o.STAFF. Colección General |
||
| 949 |
_a306.8 S24 _wDEWEY _c3 _i59532 _lCCODEBUL1 _mBUL _p35.00 _r0 _sY _tBOOK _u2015-6-25 _xTEOLOGIA _PP20 _0COMPRA _o.STAFF. Colección General |
||
| 949 |
_a306.8 S24 _wDEWEY _c4 _i56668 _d2015-9-8 _e2015-9-7 _lCCODEBUL1 _mBUL _n2 _p11.00 _r0 _sY _tBOOK _u2015-6-25 _xTEOLOGIA _zUNKNOWN _0COMPRA _o.STAFF. Colección General |
||
| 949 |
_a306.8 S24 _wDEWEY _c5 _i55806 _d2015-8-27 _e2015-8-25 _lCCODEBUL1 _mBUL _n4 _p11.00 _r0 _sY _tBOOK _u2015-6-25 _xTEOLOGIA _zUNKNOWN _0COMPRA _o.STAFF. Colección General |
||
| 949 |
_a616.8915 S27 2003 _wDEWEY _c1 _iFJ06971 _lCCODEBUJ1 _mBUJ _p11.00 _r0 _sY _tBOOK _u2015-9-10 _xSALUD _PP33 _0COMPRA _o.STAFF. Colección General Juliaca |
||
| 994 |
_aC0 _bPEPRU |
||
| 596 | _a1 3 | ||
| 999 |
_a306.8 S24 _wDEWEY _c44704 _i55863 _d44704 _e2015-8-23 _f2021-11-4 _g5 _lCCODEBUL1 _mBUL _n4 _p11.00 _q1 _r0 _sY _tBOOK _u2015-6-25 _xBIBLIOTECA _PP35 _0COMPRA _o.STAFF. Colección Teología |
||
| 999 |
_a306.8 S24 _wDEWEY _c2 _i60865 _d2018-9-10 _e2018-9-6 _f2021-11-4 _g5 _lCCODEBUL1 _mBUL _n4 _p12.00 _q2 _r0 _sY _tBOOK _u2015-6-25 _xBIBLIOTECA _zUNKNOWN _0COMPRA _o.STAFF. Colección General |
||
| 999 |
_a306.8 S24 _wDEWEY _c3 _i59532 _f2021-11-4 _g5 _lCCODEBUL1 _mBUL _p35.00 _r0 _sY _tBOOK _u2015-6-25 _xBIBLIOTECA _PP20 _0COMPRA _o.STAFF. Colección General |
||
| 999 |
_a306.8 S24 _wDEWEY _c4 _i56668 _d2017-9-19 _e2017-9-17 _f2021-11-4 _g5 _lCCODEBUL1 _mBUL _n3 _p11.00 _r0 _sY _tBOOK _u2015-6-25 _xBIBLIOTECA _PP35 _0COMPRA _o.STAFF. Colección Teología |
||
| 999 |
_a306.8 S24 _wDEWEY _c5 _i55806 _d2015-8-27 _e2015-8-25 _f2021-11-4 _g5 _lCCODEBUL1 _mBUL _n4 _p11.00 _r0 _sY _tBOOK _u2015-6-25 _xBIBLIOTECA _PP35 _0COMPRA _o.STAFF. Colección Teología |
||
| 999 |
_a616.8915 S27 2003 _wDEWEY _c1 _iFJ06971 _d2019-10-1 _e2019-9-27 _f2022-1-25 _g4 _lCCODEBUJ1 _mBUJ _n1 _p11.00 _q1 _r0 _sY _tBOOK _u2015-9-10 _xSALUD _PP33 _0COMPRA _o.STAFF. Colección General Juliaca |
||
| 980 |
_81 _gALBERTO SANCHEZ Responsable de Automatización |
||